Hardware/software architectures for low-power embedded multimedia systems / (Record no. 32950)
[ view plain ]
| 000 -LEADER | |
|---|---|
| fixed length control field | 01181cam a2200301 i 4500 |
| 001 - CONTROL NUMBER | |
| control field | 16824390 |
| 003 - CONTROL NUMBER IDENTIFIER | |
| control field | OSt |
| 005 - DATE AND TIME OF LATEST TRANSACTION | |
| control field | 20210813123113.0 |
| 008 - FIXED-LENGTH DATA ELEMENTS--GENERAL INFORMATION | |
| fixed length control field | 110613s2011 nyua b 000 1 eng |
| 010 ## - LIBRARY OF CONGRESS CONTROL NUMBER | |
| LC control number | 2011931865 |
| 020 ## - INTERNATIONAL STANDARD BOOK NUMBER | |
| International Standard Book Number | 9781441996916 (alk. paper) |
| 038 ## - RECORD CONTENT LICENSOR | |
| Staff Name | khadija |
| 040 ## - CATALOGING SOURCE | |
| Original cataloging agency | DLC |
| Language of cataloging | eng |
| Transcribing agency | DLC |
| Description conventions | rda |
| Modifying agency | DLC |
| 042 ## - AUTHENTICATION CODE | |
| Authentication code | pcc |
| 050 00 - LIBRARY OF CONGRESS CALL NUMBER | |
| Classification number | TK7874.66 |
| Item number | S53 2011 |
| 082 00 - DEWEY DECIMAL CLASSIFICATION NUMBER | |
| Classification number | 004.016 |
| Edition number | 23 |
| Author Mark | SHA |
| 100 1# - MAIN ENTRY--PERSONAL NAME | |
| Personal name | Shafique, Muhammad. |
| 9 (RLIN) | 81533 |
| 245 10 - TITLE STATEMENT | |
| Title | Hardware/software architectures for low-power embedded multimedia systems / |
| Statement of responsibility, etc. | Muhammad Shafique, Jörg Henkel. |
| 300 ## - PHYSICAL DESCRIPTION | |
| Extent | xxi, 223 pages : |
| Other physical details | illustrations ; |
| Dimensions | 24 cm |
| 504 ## - BIBLIOGRAPHY, ETC. NOTE | |
| Bibliography, etc. note | Includes bibliographic references (pages 211-220) and index. |
| 563 ## - BINDING INFORMATION | |
| Binding note | hard cover |
| 650 #0 - SUBJECT ADDED ENTRY--TOPICAL TERM | |
| Topical term or geographic name entry element | Low voltage integrated circuits. |
| 9 (RLIN) | 81534 |
| 650 #0 - SUBJECT ADDED ENTRY--TOPICAL TERM | |
| Topical term or geographic name entry element | Embedded computer systems |
| General subdivision | Design and construction. |
| 9 (RLIN) | 81535 |
| 700 1# - ADDED ENTRY--PERSONAL NAME | |
| Personal name | Henkel, J. |
| Fuller form of name | (Jörg) |
| 9 (RLIN) | 81536 |
| 906 ## - LOCAL DATA ELEMENT F, LDF (RLIN) | |
| a | 7 |
| b | cbc |
| c | origres |
| d | 2 |
| e | ncip |
| f | 20 |
| g | y-gencatlg |
| 942 ## - ADDED ENTRY ELEMENTS (KOHA) | |
| Source of classification or shelving scheme | |
| Koha item type | Book |
| Withdrawn status | Lost status | Source of classification or shelving scheme | Damaged status | Not for loan | Permanent Location | Current Location | Shelving location | Date acquired | Full call number | Barcode | Date last seen | Price effective from | Koha item type | Public note |
|---|---|---|---|---|---|---|---|---|---|---|---|---|---|---|
| School of Mechanical & Manufacturing Engineering (SMME) | School of Mechanical & Manufacturing Engineering (SMME) | General Stacks | 12/15/2015 | 004.016 SHA | SMME-1868 | 03/29/2018 | 12/15/2015 | Book | Rack,50-Shelf,2 |
